<?xml version="1.0" encoding="UTF-8"?>
<marc:record xmlns:marc="http://www.loc.gov/MARC21/slim">
   <marc:leader>00000nam a2200000 a 4500</marc:leader>
   <marc:datafield ind1="1" ind2=" " tag="100">
      <marc:subfield code="a">Bänziger, Erica</marc:subfield>
      <marc:subfield code="4">aut</marc:subfield>
      <marc:subfield code="e">Verfasser/-in</marc:subfield>
   </marc:datafield>
   <marc:datafield ind1="1" ind2=" " tag="100">
      <marc:subfield code="a">Speck, Brigitte</marc:subfield>
      <marc:subfield code="4">aut</marc:subfield>
      <marc:subfield code="e">Verfasser/-in</marc:subfield>
   </marc:datafield>
   <marc:datafield ind1=" " ind2=" " tag="653">
      <marc:subfield code="a">Blutgruppe</marc:subfield>
   </marc:datafield>
   <marc:datafield ind1=" " ind2=" " tag="653">
      <marc:subfield code="a">Typologie</marc:subfield>
   </marc:datafield>
   <marc:datafield ind1=" " ind2=" " tag="653">
      <marc:subfield code="a">Abmagerungsdiät</marc:subfield>
   </marc:datafield>
   <marc:datafield ind1=" " ind2=" " tag="653">
      <marc:subfield code="a">Ratgeber</marc:subfield>
   </marc:datafield>
   <marc:datafield ind1=" " ind2=" " tag="653">
      <marc:subfield code="a">Kochbuch</marc:subfield>
   </marc:datafield>
   <marc:datafield ind1="0" ind2="0" tag="245">
      <marc:subfield code="a">Schlank mit der Blutgruppen-Ernährung</marc:subfield>
   </marc:datafield>
   <marc:datafield ind1="0" ind2="0" tag="245">
      <marc:subfield code="b">100 Rezepte für die häufigsten Blutgruppen 0 und A</marc:subfield>
   </marc:datafield>
   <marc:datafield ind1="0" ind2="0" tag="245">
      <marc:subfield code="c">Erica Bänziger ; Brigitte Speck</marc:subfield>
   </marc:datafield>
   <marc:datafield ind1=" " ind2="1" tag="264">
      <marc:subfield code="a">Baden</marc:subfield>
      <marc:subfield code="b">AT-Verl.</marc:subfield>
      <marc:subfield code="c">2004</marc:subfield>
   </marc:datafield>
   <marc:datafield ind1=" " ind2=" " tag="250">
      <marc:subfield code="a">Vollst. überarb. Neuausg.</marc:subfield>
   </marc:datafield>
   <marc:datafield ind1="1" ind2=" " tag="520">
      <marc:subfield code="a">Die von Dr. Peter J. D'Adamo begründete, sehr erfolgreiche Ernährungsform nach der Blutgruppe fördert das Wohlbefinden und hilft, das persönliche Wohlfühlgewicht zu erlangen und dauerhaft zu halten. Zudem beugt die blutgruppenspezifische Küche wirkungsvoll Krankheiten vor. Aus ihrer eigenen positiven Erfahrung mit dieser Ernährungsform haben die beiden Autorinnen ihre 100 besten Rezepte für die weitaus häufigsten Blutgruppen A und 0 zusammengestellt - über 90% der Menschen gehören einer dieser beiden Blutgruppen an. Es sind einfache, schmackhafte Alltagsrezepte, die in der Mehrzahl für beide Blutgruppen geeignet sind. In einer praktischen Einleitung werden die Grundsätze der Ernährung nach der Blutgruppe erläutert. Ausführliche Lebensmitteltabellen helfen, ohne großen Aufwand der Blutgruppe entsprechend einzukaufen und zu kochen. Inhaltsübersicht .Theoretische Einführung .Ernährungsempfehlungen für Blutgruppe A und O .Gewichtsregulation im Einklang mit der Blutgruppe .Einkaufstipps .Lebensmitteltabellen für Blutgruppen A und O .100 Rezepte</marc:subfield>
   </marc:datafield>
   <marc:datafield ind1=" " ind2=" " tag="020">
      <marc:subfield code="a">9783038008194</marc:subfield>
      <marc:subfield code="9">9783038008194</marc:subfield>
   </marc:datafield>
   <marc:datafield ind1=" " ind2=" " tag="020">
      <marc:subfield code="a">3855028257</marc:subfield>
      <marc:subfield code="9">3855028257</marc:subfield>
   </marc:datafield>
   <marc:datafield ind1=" " ind2=" " tag="041">
      <marc:subfield code="a">ger</marc:subfield>
   </marc:datafield>
   <marc:datafield ind1=" " ind2=" " tag="300">
      <marc:subfield code="a">120 S.</marc:subfield>
   </marc:datafield>
</marc:record>
